000 00747nam a22002413a 4500
005 20221117063517.0
008 010531s1999 es r 000 0 spa d
020 _a847869159X
035 _aUPN01000116988
049 _aCG
050 4 _aLB1131
_bP7.6 no.19
100 1 _aYuste Hernanz, Carlos
_929510
245 1 0 _cCarlos Yuste Hernanz, Juan Miguel S. Quiros.
260 _aMadrid :
_bCEPE,
_c1999.
300 _a95 p. :
_bil.
440 0 _aProgresint ;
_v19
500 _a"E. Primaria 4º- 5º- 6º. Nivel 3"
500 _a"Programas para la estimulación de las habilidades de la inteligencia"
650 4 _aRazonamiento
_93600
650 2 _aOrientación espacial
_917871
700 1 _aQuiros, Juan Miguel S.,
_ecoaut.
905 _aLibro
999 _c89616
_d89616